Quiz do Rio de Janeiro - Statistics

Estatísticas Gerais
  • Esse quiz foi jogado 976 vezes
  • A pontuação média é 13 de 20
Estatísticas das Respostas
Dica Resposta % Correto
Estado Estados fazendo fronteira com o Rio de Janeiro Minas Gerais
96%
Estado Estados fazendo fronteira com o Rio de Janeiro São Paulo
96%
Estado Estados fazendo fronteira com o Rio de Janeiro Espírito Santo
94%
Cidade Maior estádio de futebol do país Maracanã
91%
Cidade Praias mais famosas Copacabana
90%
Cidade Praias mais famosas Ipanema
87%
Cidade Estátua considerada como uma das sete maravilhas do mundo moderno Cristo Redentor
83%
Cidade A ponte Presidente Costa e Silva conecta Rio de Janeiro com esta cidade Niterói
82%
Cidade Baía mais importante Guanabara
78%
Cidade Maior ilha na acima Ilha do {Governador}
70%
Cidade Escritor considerado como o maior nome da literatura do Brasil Machado de Assis
59%
Estado Maior cidade no norte do estado Campos dos Goytacazes
52%
Cidade Segundo maior município São Gonçalo
52%
Estado Governador atual (antigo vice-governador) Cláudio Castro
51%
Estado Maior ilha Ilha {Grande}
47%
Estado Maior cidade no oeste do estado Volta Redonda
39%
Estado Maior exportação do estado Petróleo
35%
Cidade Famoso complexo de morros Pão de Açúcar | Urca
22%
Estado Rio mais longo Paraíba do Sul
21%
Estado Cordilheira passando pelo estado Serra do Mar
18%
Nenhum quiz correspondente encontrado
Distribuição das Pontuações
Porcentagem de Pessoas com Cada Pontuação
Percentil de Números Respondidos
Sua Pontuação Histórica
Você não jogou esse quiz